00841nam a22002297a 450000500170000001000110001702000100002803500110003803700160004904000120006508200150007710000370009224501250012926000450025427000320029930000280033165000330035965000170039294200240040999900190043395201590045220170124110055.0 a171571 c00.00 a171571 bCen Lib/Ret aDPLbEN a655.4bGLA aGlaister, Geoffrey Ashall926243 aGlossary of the book :cby Geoffrey Ashall Glaisterb terms used in paper-making, printing, bookbinding and publishing / aLondonbGeorge Allen and Unwin Ltdc1960 aRuskin House, Museum Street a484p. :c26cm(Hb)bill. aBooks -- Dictionaries926244 aBooks925991 2ddccENh655.4mGLA c129392d129392 04104070aLbLd2015-07-06eCen Lib/Retg0.00l0o655.4 GLAp171571r2015-07-06 00:00:00t1v0.00w2015-07-06yENzW/d List No. 6867/1 ; dtd 11/08/2020